People together : (Record no. 344605)
[ view plain ]
| 000 -LEADER | |
|---|---|
| fixed length control field | 01010nam a2200337Ia 4500 |
| 008 - FIXED-LENGTH DATA ELEMENTS--GENERAL INFORMATION | |
| fixed length control field | 171025s9999 xx 000 0 und d |
| 020 ## - INTERNATIONAL STANDARD BOOK NUMBER | |
| International Standard Book Number | 21465576 |
| 050 ## - LIBRARY OF CONGRESS CALL NUMBER | |
| Classification number | 372.83 |
| 050 ## - LIBRARY OF CONGRESS CALL NUMBER | |
| Item number | B218 1997 |
| 100 ## - MAIN ENTRY--PERSONAL NAME | |
| Personal name | Banks, James |
| 245 ## - TITLE STATEMENT | |
| Title | People together : |
| 245 ## - TITLE STATEMENT | |
| Remainder of title | adventures in time and place / |
| 245 ## - TITLE STATEMENT | |
| Statement of responsibility, etc | by James Banks, Barry K. Beyer, Gloria Contreras, Jean Craven, Gloria Ladson-Billings, Mary A. McFarland and Walter C. Parker. |
| 260 ## - PUBLICATION, DISTRIBUTION, ETC. (IMPRINT) | |
| Place of publication, distribution, etc | USA : |
| 260 ## - PUBLICATION, DISTRIBUTION, ETC. (IMPRINT) | |
| Name of publisher, distributor, etc | Macmillan, |
| 260 ## - PUBLICATION, DISTRIBUTION, ETC. (IMPRINT) | |
| Date of publication, distribution, etc | 1997 |
| 300 ## - PHYSICAL DESCRIPTION | |
| Extent | viii, 221 pages : |
| 300 ## - PHYSICAL DESCRIPTION | |
| Other physical details | color illustrations ; |
| 300 ## - PHYSICAL DESCRIPTION | |
| Dimensions | 28cm. |
| 500 ## - GENERAL NOTE | |
| General note | Includes glossary and index. |
| 650 ## - SUBJECT ADDED ENTRY--TOPICAL TERM | |
| Topical term or geographic name as entry element | Geography -- |
| 650 ## - SUBJECT ADDED ENTRY--TOPICAL TERM | |
| Topical term or geographic name as entry element | Social science -- |
| 650 ## - SUBJECT ADDED ENTRY--TOPICAL TERM | |
| Topical term or geographic name as entry element | United States -- |
| 650 ## - SUBJECT ADDED ENTRY--TOPICAL TERM | |
| General subdivision | Study and teaching (Elementary). |
| 650 ## - SUBJECT ADDED ENTRY--TOPICAL TERM | |
| General subdivision | Study and teaching (Elementary). |
| 650 ## - SUBJECT ADDED ENTRY--TOPICAL TERM | |
| General subdivision | Study and teaching (Elementary). |
| 700 ## - ADDED ENTRY--PERSONAL NAME | |
| Personal name | Beyer, Barry K. |
| 700 ## - ADDED ENTRY--PERSONAL NAME | |
| Personal name | Contreras, Gloria. |
| 700 ## - ADDED ENTRY--PERSONAL NAME | |
| Personal name | Craven, Jean. |
| 700 ## - ADDED ENTRY--PERSONAL NAME | |
| Personal name | Title. |
| Withdrawn status | Lost status | Damaged status | Home library | Current library | Date acquired | Total Checkouts | Full call number | Barcode | Date last seen | Price effective from | Koha item type |
|---|---|---|---|---|---|---|---|---|---|---|---|
| Stonyhurst Southville International School (Malarayat) | Stonyhurst Southville International School (Malarayat) | 10/25/2017 | NF 372.83 B218 1997 | SSISM3658 | 10/25/2017 | 10/25/2017 | Books |